Представление документа в формате RUSMARC

ПолеНазваниеЗначение
  Тип записи a
  Библиографический уровень c
001 Контрольный номер 8aea161af821451584d37887af11869c
005 Дата корректировки 20260512144447.7
010 Индекс ISBN __
a ISBN 978-5-91556-818-0
b Уточнения в пер.
9 Тираж 160 экз.
d Цена 150-00
100 Данные общей обработки __
a Данные общей обработки 20210521d2020 da y0rusy028902 ca
101 Язык документа 0_
a Язык текста rus
102 Страна публикации __
a Страна публикации RU
105 Кодированные данные (монография) __
a Кодированные данные (монография) c z 000ay
181 Поле кодированных данных: вид содержания _0
a Код вида содержания (ISBD) i
182 Поле кодированных данных: тип средства _0
a Код типа средства (ISBD) n
200 Заглавие и сведения об ответственности 1_
a Заглавие Медвежий след
f Первые сведения об ответственности Владимир Ульянов
e Сведения, относящиеся к заглавию рассказы
203 Вид содержания и тип средства __
a Вид содержания Текст
c Тип средства непосредственный
210 Выходные данные 1_
a Место издания Барнаул
c Издательство Новый формат
d Дата издания 2020
215 Физическое описание __
a Объем 101 с.
d Формат 20 см
c Иллюстрации/тип воспроизводства портр.
330 Аннотация __
a Аннотация Владимир Павлович Ульянов, известный сургутский журналист, редактор, корреспондент, а затем главный редактор газеты "Вестник". Трудился в Сургутском государственном университете директором Центра по связям с общественностью. Печатался в журналах "Югра", "Старт", "Национальном охотничьим журнале" г. Москва. После выхода на заслуженный отдых занимался литературным творчеством. В 2018 году вышла книга его рассказов "Медвежий след". К сожалению, Владимир Павлович скоропостижно скончался в 2021 году.
333 Примечание о целевом назначении __
a Примечание о целевом назначении 12+. Для детей старше 12 лет
464 Аналитический уровень _0
1 2001
a Синька и Шилохвост
464 Аналитический уровень _0
1 2001
a Спасение Шилохвоста
464 Аналитический уровень _0
1 2001
a Серая ворона преклонных лет
464 Аналитический уровень _0
1 2001
a Бурундук по прозвищу "Чик"
464 Аналитический уровень _0
1 2001
a Лисенок и степь
464 Аналитический уровень _0
1 2001
a Случай на протоке
464 Аналитический уровень _0
1 2001
a Мохнатый каннибал
464 Аналитический уровень _0
1 2001
a Медвежий след
464 Аналитический уровень _0
1 2001
a Во сне и наяву
464 Аналитический уровень _0
1 2001
a Урок французского
464 Аналитический уровень _0
1 2001
a Его Медведица
464 Аналитический уровень _0
1 2001
a Иногда смотри в небо
606 Тематические рубрики __
a Основная рубрика Художественная литература
2 Код системы nlr_sh
606 Тематические рубрики __
a Основная рубрика Современная русская литература (произведения)
2 Код системы nlr_sh
y Географическая подрубрика Сургут
y Географическая подрубрика ХМАО-Югра
y Географическая подрубрика Ханты-Мансийский автономный округ - Югра
y Географическая подрубрика Тюменская область
610 Ключевые слова 0_
a Ключевые слова проза
610 Ключевые слова 0_
a Ключевые слова русская литература
610 Ключевые слова 0_
a Ключевые слова рассказы
610 Ключевые слова 0_
a Ключевые слова рассказы о животных
610 Ключевые слова 0_
a Ключевые слова тема животных
610 Ключевые слова 0_
a Ключевые слова тема природы
610 Ключевые слова 0_
a Ключевые слова природа
610 Ключевые слова 0_
a Ключевые слова литературное краеведение
610 Ключевые слова 0_
a Ключевые слова краеведение
686 Индексы других классификаций __
2 Код системы rubbks
a Классификационный индекс К84(2=411.2)6-4; стК84(2=411.2)6-4
700 Автор _1
a Фамилия Ульянов
b Имя В. П.
g Полное личное имя Владимир Павлович
4 Код отношения 070
f Даты 1921-1951
801 Источник записи _0
a Страна RU
b Организация Муниципальное бюджетное учреждение культуры "Централизованная библиотечная система" г. Сургут (Центральная городская библиотека им. А. С. Пушкина)
c Дата составления 20210521
g Правила каталогизации PSBO
801 Источник записи _1
a Страна RU
b Организация Муниципальное бюджетное учреждение культуры "Централизованная библиотечная система" г. Сургут (Центральная городская библиотека им. А. С. Пушкина)
c Дата составления 20210521
g Правила каталогизации PSBO
852 Данные о местонахождении __
j Шифр хранения К84(2=411.2)6-4
i Авторский знак У 51
900 Макрообъекты __
a Макрообъекты Медвежий след, 2020
901 Тип документа __
t Тип документа x
a Ответственный ООФиК/Волкова
901 Тип документа __
a Ответственный без партии
903 Характеристики (МАРС) __
a Дата передачи 20260512; 20241128; 20210521
c Наименование библиотеки (МАРС) Муниципальное бюджетное учреждение культуры "Централизованная библиотечная система" г. Сургут (Центральная городская библиотека им. А. С. Пушкина)
990 Данные о заказе (DOS) __
j Количество экземпляров (DOS) 14; 1
t N записи в КСУ для И/У (DOS) 202501; 202105